Interpretación y génesis de la constitución de Colombia / (Registro nro. 11574)

Detalles MARC
000 -LEADER
fixed length control field 01424nam a2200253Ia 4500
003 - CONTROL NUMBER IDENTIFIER
control field OSt
005 - DATE AND TIME OF LATEST TRANSACTION
control field 20211117122547.0
008 - FIXED-LENGTH DATA ELEMENTS--GENERAL INFORMATION
fixed length control field 210310s1992 ck gr 000 0 spa d
020 ## - INTERNATIONAL STANDARD BOOK NUMBER
International Standard Book Number 9589113451
040 ## - CATALOGING SOURCE
Original cataloging agency CO-JMCR
Transcribing agency CO-JMCR
041 0# - LANGUAGE CODE
Language code of text/sound track or separate title spa
082 04 - DEWEY DECIMAL CLASSIFICATION NUMBER
Classification number 342.861 /
Item number L791i
Edition number 23
100 1# - MAIN ENTRY--PERSONAL NAME
Personal name Lleras de la Fuente, Carlos,
Relator term autor
9 (RLIN) 25886
245 #0 - TITLE STATEMENT
Title Interpretación y génesis de la constitución de Colombia /
Statement of responsibility, etc. Carlos Lleras de la Fuente, Carlos Adolfo Arenas Campos, Juan Manuel Charry Urueña, [y otros 1].
260 ## - PUBLICATION, DISTRIBUTION, ETC.
Place of publication, distribution, etc. Bogotá :
Name of publisher, distributor, etc. Carrera 7ª.,
Date of publication, distribution, etc. 1992
300 ## - PHYSICAL DESCRIPTION
Extent 735 páginas ;
Dimensions 24 cm.
500 ## - GENERAL NOTE
General note Incluye nota a pie de pagina.
505 ## - FORMATTED CONTENTS NOTE
Formatted contents note De los principios generales. -- De los derechos, las garantías y los deberes. -- De los habitantes del territorio. -- De la participación democrática y de los partidos políticos. -- De la organización del estado. -- De la rama legislativa. -- De la rama ejecutiva. -- De la rama judicial. -- De las elecciones y de la organización electoral. -- De la organización territorial. -- Del régimen económico y de la Hacienda Pública. -- De la reforma de la constitución.
650 14 - SUBJECT ADDED ENTRY--TOPICAL TERM
Topical term or geographic name entry element Interpretación de la constitución.
9 (RLIN) 37155
650 24 - SUBJECT ADDED ENTRY--TOPICAL TERM
Topical term or geographic name entry element Interpretación derechos humanos
General subdivision Constitución política.
9 (RLIN) 37156
700 ## - ADDED ENTRY--PERSONAL NAME
Personal name Arenas Campos, Carlos Adolfo,
Relator term autor
9 (RLIN) 37154
700 ## - ADDED ENTRY--PERSONAL NAME
Personal name Charry Urueña, Juan Manuel,
Relator term autor
9 (RLIN) 30551
942 ## - ADDED ENTRY ELEMENTS (KOHA)
Source of classification or shelving scheme Dewey Decimal Classification
Koha item type Books
Existencias
Withdrawn status Lost status Source of classification or shelving scheme Damaged status Not for loan Home library Current library Shelving location Date acquired Source of acquisition Total Checkouts Full call number Barcode Date last seen Date last checked out Copy number Price effective from Koha item type
    Dewey Decimal Classification     Biblioteca Pública José María del Castillo y Rada Biblioteca Pública José María del Castillo y Rada General Stacks 04/15/2018 Donación 2 342.861 / L791i 430007027 10/23/2024 10/23/2024 Ej.1 03/10/2021 Books